00313nam a2200121Ia 4500008004100000020001800041041000800059082000800067100001500075245006900090260002300159300000900182230211s9999 xx 000 0 und d a0-07-066019-0 aeng a658 aWeihrich H aManagement : A global Perspective And Entreprenurial Perspective bMc Graw Hillc2007 a537p